[Event "SVM_Regionalliga_2023-24"]
[Site "?"]
[Date "2023.09.03"]
[Round "1.1"]
[White "Klemenz, Luca"]
[Black "Vandenbergen, Nicolas"]
[Result "1/2-1/2"]
[WhiteElo "2054"]
[BlackElo "2133"]
[PlyCount "81"]
[EventDate "2023.09.03"]
[WhiteTeam "Klub Kölner SF 3"]
[BlackTeam "Turm Euskirchen 1"]

1. d4 d5 2. c4 Nc6 3. Nf3 Bg4 4. Nc3 e6 5. cxd5 exd5 6. Bg5 Nf6 7. e3 Bb4 8.
Be2 h6 9. Bxf6 Qxf6 10. Qb3 O-O 11. O-O Bxc3 12. bxc3 Qd6 13. Qxb7 Rab8 14. Qa6
Rb6 15. Qd3 Rfb8 16. Rfb1 Ne7 17. Rxb6 Qxb6 18. Qd2 Qa5 19. Bd3 Bf5 20. Ne5 Rb3
21. axb3 Qxa1+ 22. Bf1 a5 23. Nd3 Qb1 24. Nc5 Bc2 25. Qe2 Bxb3 26. Qb5 Ba2 27.
Qxb1 Bxb1 28. Bb5 Nc8 29. Nb7 Nd6 30. Nxd6 cxd6 31. Ba4 Bd3 32. f3 Kf8 33. Kf2
Ke7 34. Ke1 Kd8 35. Kd2 Bf1 36. g3 Kc7 37. Kc2 Bg2 38. f4 Be4+ 39. Kb2 Kb7 40.
Ka3 f6 41. Kb2 1/2-1/2

[Event "SVM_Regionalliga_2023-24"]
[Site "?"]
[Date "2023.09.03"]
[Round "1.2"]
[White "Neubauer, Jürgen"]
[Black "Meyer, Emil"]
[Result "1-0"]
[WhiteElo "1938"]
[BlackElo "1951"]
[PlyCount "99"]
[EventDate "2023.09.03"]
[WhiteTeam "Turm Euskirchen 1"]
[BlackTeam "Klub Kölner SF 3"]

1. e4 c5 2. Nf3 Nc6 3. d4 cxd4 4. Nxd4 e5 5. Nb5 d6 6. Be2 f5 7. N1c3 a6 8. Bg5
Qd7 9. exf5 Be7 10. Bxe7 Ngxe7 11. Nxd6+ Kf8 12. g4 Nd4 13. Nce4 Qc6 14. c3
Nxe2 15. Qxe2 h5 16. f3 hxg4 17. fxg4 Nd5 18. O-O-O Rh4 19. h3 Nf4 20. Qc4 Qxc4
21. Nxc4 Bxf5 22. Ned6 Nd3+ 23. Kd2 Bg6 24. Rdf1+ Ke7 25. Nf5+ Bxf5 26. Rxf5
Rd8 27. Kc2 Ke6 28. Nd2 Rhh8 29. Ne4 b6 30. Ng5+ Ke7 31. Rf7+ Ke8 32. Rxg7 Rf8
33. Rh2 Ne1+ 34. Kb3 Nf3 35. Ne6 Rc8 36. Re2 Rh8 37. Ng5 Nxg5 38. Rxg5 Rxh3 39.
Rgxe5+ Kd7 40. g5 Rg3 41. Re7+ Kc6 42. R2e6+ Kb5 43. a4+ Kc5 44. Re5+ Kd6 45.
R7e6+ Kc7 46. Rg6 Rg2 47. Re7+ Kd8 48. Rh7 Re2 49. Rg8+ Re8 50. Rxe8+ 1-0

[Event "SVM_Regionalliga_2023-24"]
[Site "?"]
[Date "2023.09.03"]
[Round "1.3"]
[White "Pragua, Christoph"]
[Black "Viganske, Christian"]
[Result "0-1"]
[WhiteElo "1989"]
[BlackElo "2036"]
[PlyCount "70"]
[EventDate "2023.09.03"]
[WhiteTeam "Klub Kölner SF 3"]
[BlackTeam "Turm Euskirchen 1"]

1. d4 f5 2. g3 g6 3. Bg2 Bg7 4. Nf3 Nf6 5. O-O O-O 6. b3 d6 7. Bb2 c6 8. a4 Qe8
9. Nbd2 Ne4 10. Nc4 Be6 11. Nfd2 Qf7 12. f3 Nxd2 13. Nxd2 f4 14. Ne4 h6 15.
gxf4 Qxf4 16. Qd2 Nd7 17. Qxf4 Rxf4 18. Rad1 Nf6 19. Bc1 Rh4 20. Ng3 Nd5 21. e3
b5 22. Bd2 bxa4 23. bxa4 Nb6 24. Rb1 Nc4 25. Bc1 Bc8 26. c3 d5 27. e4 e5 28.
Ne2 Ba6 29. f4 Nd6 30. dxe5 Bxe2 31. exd6 Bxf1 32. Kxf1 dxe4 33. Bxe4 Rd8 34.
Bxg6 Bxc3 35. Rb3 Rxd6 0-1

[Event "SVM_Regionalliga_2023-24"]
[Site "?"]
[Date "2023.09.03"]
[Round "1.4"]
[White "Hack, Thomas"]
[Black "Theisen, Johannes"]
[Result "1/2-1/2"]
[WhiteElo "1925"]
[BlackElo "1812"]
[PlyCount "94"]
[EventDate "2023.09.03"]
[WhiteTeam "Turm Euskirchen 1"]
[BlackTeam "Klub Kölner SF 3"]

1. e4 c5 2. Nf3 e6 3. d4 cxd4 4. Nxd4 Nf6 5. Nc3 Nc6 6. Bg5 Bb4 7. Ndb5 O-O 8.
a3 Be7 9. Nd6 a6 10. Bf4 e5 11. Be3 b5 12. Be2 Bxd6 13. Qxd6 h6 14. O-O Bb7 15.
Bf3 Re8 16. Rad1 Re6 17. Qd3 Ne7 18. Qd2 d6 19. g3 Qc7 20. Bg2 d5 21. exd5 Rd6
22. Qe2 Nexd5 23. Nxd5 Bxd5 24. Bxd5 Nxd5 25. Rd3 Rad8 26. Rfd1 e4 27. Rd4 Nxe3
28. fxe3 Qc5 29. c3 Rxd4 30. Rxd4 Rxd4 31. exd4 Qd5 32. Kf2 g6 33. Ke3 f5 34.
g4 Qe6 35. h3 Kg7 36. Qg2 Kf6 37. Qg3 Qd5 38. Qh4+ Kg7 39. Qe7+ Qf7 40. Qxf7+
Kxf7 41. b3 Ke6 42. c4 bxc4 43. bxc4 h5 44. gxf5+ gxf5 45. h4 Kd6 46. a4 Ke6
47. a5 Kd6 1/2-1/2

[Event "SVM_Regionalliga_2023-24"]
[Site "?"]
[Date "2023.09.03"]
[Round "1.5"]
[White "Graf, Peter"]
[Black "Reckers, Sebastian"]
[Result "1/2-1/2"]
[WhiteElo "1909"]
[BlackElo "1878"]
[PlyCount "100"]
[EventDate "2023.09.03"]
[WhiteTeam "Klub Kölner SF 3"]
[BlackTeam "Turm Euskirchen 1"]

1. e4 c5 2. d3 Nc6 3. Be2 g6 4. f4 d6 5. Nf3 Bg7 6. O-O Bd7 7. c3 Nf6 8. Qe1
Qb6 9. Nbd2 d5 10. Kh1 Qc7 11. e5 Ng4 12. Nb3 b6 13. h3 Nh6 14. Nh4 Nf5 15. Bf3
e6 16. Nxf5 gxf5 17. Qg3 Bf8 18. c4 d4 19. Bd2 O-O-O 20. a3 Be7 21. Nc1 Rdg8
22. Qf2 f6 23. exf6 Bxf6 24. b4 e5 25. Nb3 Ne7 26. bxc5 Bc6 27. cxb6 axb6 28.
fxe5 Bxe5 29. Bxc6 Qxc6 30. Bb4 Rg3 31. Qxg3 Bxg3 32. Bxe7 Rg8 33. Nxd4 Qd7 34.
Nxf5 Re8 35. Nxg3 Rxe7 36. Rf3 Rf7 37. Raf1 Rxf3 38. Rxf3 Qd6 39. a4 Qa3 40.
Kh2 Qd6 41. h4 Kd8 42. Kh3 Qd7+ 43. Nf5 Qxa4 44. h5 Qd7 45. g4 b5 46. cxb5 Qxb5
47. Kh4 Qc6 48. Kg3 Qc7+ 49. Rf4 Kd7 50. Kf3 Qc6+ 1/2-1/2

[Event "SVM_Regionalliga_2023-24"]
[Site "?"]
[Date "2023.09.03"]
[Round "1.6"]
[White "Alnafkhosh, Nashaat"]
[Black "Richter, Götz"]
[Result "1/2-1/2"]
[WhiteElo "1791"]
[BlackElo "1896"]
[PlyCount "79"]
[EventDate "2023.09.03"]
[WhiteTeam "Turm Euskirchen 1"]
[BlackTeam "Klub Kölner SF 3"]

1. e4 c5 2. Nf3 d6 3. c3 Nf6 4. Be2 g6 5. Na3 Bg7 6. e5 dxe5 7. Nxe5 O-O 8. O-O
Nbd7 9. Nxd7 Bxd7 10. Bf3 Qc7 11. Re1 Rfe8 12. Nc2 Rad8 13. d4 Bf5 14. d5 Bxc2
15. Qxc2 Nxd5 16. Bg5 h6 17. Bh4 Rd7 18. Bg3 e5 19. Rad1 Qd8 20. Qa4 a6 21. c4
Nb6 22. Rxd7 Nxa4 23. Rxd8 Rxd8 24. Bxb7 Nxb2 25. Bxa6 Ra8 26. Bb5 Rxa2 27. f3
f5 28. h4 Nd3 29. Rd1 e4 30. fxe4 Bd4+ 31. Kh2 fxe4 32. Bc6 Nb2 33. Rf1 Kg7 34.
Bxe4 Ra7 35. Bd5 Nd3 36. Rd1 Nb2 37. Rf1 Re7 38. Bd6 Rd7 39. Bf8+ Kh7 40. Rf7+
1/2-1/2

[Event "SVM_Regionalliga_2023-24"]
[Site "?"]
[Date "2023.09.03"]
[Round "1.7"]
[White "Georgi, Thomas"]
[Black "Lobe, Sandra"]
[Result "1-0"]
[WhiteElo "1857"]
[BlackElo "1783"]
[PlyCount "51"]
[EventDate "2023.09.03"]
[WhiteTeam "Klub Kölner SF 3"]
[BlackTeam "Turm Euskirchen 1"]

1. e4 d6 2. d4 Nf6 3. Nc3 g6 4. f4 Bg7 5. e5 dxe5 6. dxe5 Qxd1+ 7. Kxd1 Ng4 8.
Ke1 c6 9. h3 Nh6 10. g4 f6 11. exf6 exf6 12. Bc4 Na6 13. Rh2 b5 14. Re2+ Kd8
15. Bb3 Nc5 16. Be3 Nxb3 17. axb3 Bd7 18. Ne4 Kc7 19. Bc5 f5 20. Bd6+ Kc8 21.
gxf5 Nxf5 22. Be5 Bxe5 23. fxe5 Kc7 24. Nc5 Be8 25. Rd1 Rd8 26. Ne6+ 1-0

[Event "SVM_Regionalliga_2023-24"]
[Site "?"]
[Date "2023.09.03"]
[Round "1.8"]
[White "Pfening, Richard"]
[Black "Ye, Philipp"]
[Result "1-0"]
[WhiteElo "1525"]
[BlackElo "1730"]
[PlyCount "107"]
[EventDate "2023.09.03"]
[WhiteTeam "Turm Euskirchen 1"]
[BlackTeam "Klub Kölner SF 3"]

1. e4 c6 2. d4 d5 3. exd5 cxd5 4. Nf3 Nc6 5. c4 Nf6 6. Nc3 Bg4 7. Be2 e6 8. O-O
Be7 9. h3 Bxf3 10. Bxf3 O-O 11. c5 b6 12. Qa4 Rc8 13. Be3 bxc5 14. dxc5 Qa5 15.
Qxa5 Nxa5 16. b4 Nc6 17. a3 Rfd8 18. Rfd1 Ne5 19. Be2 Nc6 20. Ba6 Rc7 21. Nb5
Rcd7 22. Nd4 Nxd4 23. Bxd4 Ne8 24. Rd3 Bf6 25. f4 Bxd4+ 26. Rxd4 Nc7 27. c6 Re7
28. Bb7 f6 29. Re1 e5 30. fxe5 fxe5 31. Rdd1 d4 32. Re4 Kf7 33. a4 a6 34. Rd3
Ke6 35. Rb3 Kd5 36. Re1 Kc4 37. Rbb1 d3 38. Rec1+ Kd4 39. b5 axb5 40. axb5 d2
41. Rd1 Kc3 42. b6 e4 43. bxc7 Rxc7 44. Kf2 Rd3 45. Ba6 Rd6 46. Bb5 Rd3 47. Ke2
Rg3 48. Kf2 Rg5 49. g4 Kc2 50. Ke2 Re5 51. Ba4+ Kc3 52. Rb3+ Kc4 53. Rxd2 Rxc6
54. Rc2+ 1-0

[Event "SVM_Regionalliga_2023-24"]
[Site "?"]
[Date "2023.09.03"]
[Round "1.2"]
[White "Hess, Christian"]
[Black "Richter, Dirk"]
[Result "1/2-1/2"]
[WhiteElo "1995"]
[BlackElo "2052"]
[PlyCount "43"]
[EventDate "2023.09.03"]
[WhiteTeam "Langenfelder SF 2"]
[BlackTeam "SG Siebengebirge 1"]

1. e4 c5 2. Nf3 d6 3. d4 cxd4 4. Nxd4 Nf6 5. Nc3 a6 6. Be3 e6 7. f3 Qc7 8. Qd2
Nbd7 9. O-O-O Ne5 10. f4 Nc6 11. Be2 Nxd4 12. Qxd4 e5 13. fxe5 dxe5 14. Qa4+
Bd7 15. Rxd7 Nxd7 16. Nd5 Qd6 17. Nb6 Rd8 18. Bg4 Qc6 19. Qxc6 bxc6 20. Bxd7+
Rxd7 21. Nxd7 Kxd7 22. Bb6 1/2-1/2

[Event "SVM_Regionalliga_2023-24"]
[Site "?"]
[Date "2023.09.03"]
[Round "1.3"]
[White "Borriss, Benjamin"]
[Black "Schulte-Lentz, Christian"]
[Result "0-1"]
[WhiteElo "1877"]
[BlackElo "2043"]
[PlyCount "46"]
[EventDate "2023.09.03"]
[WhiteTeam "SG Siebengebirge 1"]
[BlackTeam "Langenfelder SF 2"]

1. d4 f5 2. c4 Nf6 3. Nc3 e6 4. Bg5 Be7 5. Bxf6 Bxf6 6. e4 fxe4 7. Nxe4 O-O 8.
Nf3 d5 9. Nxf6+ Qxf6 10. Rc1 Nc6 11. Bd3 e5 12. dxe5 Nxe5 13. cxd5 Bg4 14. Be2
Bxf3 15. gxf3 Rae8 16. O-O Ng6 17. Kh1 Nf4 18. Bd3 Re5 19. Rxc7 Rh5 20. Qc2
Rxh2+ 21. Kxh2 Qh4+ 22. Kg1 Qg5+ 23. Kh2 Qg2# 0-1

[Event "SVM_Regionalliga_2023-24"]
[Site "?"]
[Date "2023.09.03"]
[Round "1.4"]
[White "Weisshaupt, Rainer"]
[Black "Wambach, Patrick"]
[Result "0-1"]
[WhiteElo "1943"]
[BlackElo "1961"]
[PlyCount "88"]
[EventDate "2023.09.03"]
[WhiteTeam "Langenfelder SF 2"]
[BlackTeam "SG Siebengebirge 1"]

1. e4 d6 2. Nf3 Nf6 3. Nc3 g6 4. d4 Bg7 5. Bg5 O-O 6. Qd2 c6 7. Be2 Qc7 8. O-O
Bg4 9. Rfe1 Bxf3 10. Bxf3 e5 11. Rad1 Na6 12. a3 Rfe8 13. d5 c5 14. Nb5 Qb6 15.
c4 Nc7 16. Nc3 Qb3 17. Qd3 a6 18. Rd2 Reb8 19. Bd1 Qb6 20. Ba4 Qa7 21. g3 b5
22. cxb5 axb5 23. Bxb5 Nxb5 24. Nxb5 Qa6 25. a4 Qxa4 26. Nxd6 Rb3 27. Qc2 Qb4
28. Re3 Rxe3 29. Bxe3 Ra5 30. Rd1 Qb8 31. Bxc5 Rxc5 32. Qxc5 Bf8 33. Qb5 Qxd6
34. f3 Qc7 35. Qc6 Qa7+ 36. Kf1 Qe3 37. Qxf6 Bc5 38. Kg2 Qe2+ 39. Kh3 Qxd1 40.
Qxe5 Bd4 41. Qe8+ Kg7 42. e5 Qf1+ 43. Kh4 Qxf3 44. Kh3 Qxd5 0-1

[Event "SVM_Regionalliga_2023-24"]
[Site "?"]
[Date "2023.09.03"]
[Round "1.5"]
[White "Schild, Willi"]
[Black "Bosbach, Jens"]
[Result "1/2-1/2"]
[WhiteElo "1857"]
[BlackElo "1847"]
[PlyCount "69"]
[EventDate "2023.09.03"]
[WhiteTeam "SG Siebengebirge 1"]
[BlackTeam "Langenfelder SF 2"]

1. d4 d5 2. Nf3 Nf6 3. e3 e6 4. Bd3 c5 5. b3 Nc6 6. O-O Bd6 7. Bb2 O-O 8. Ne5
Qc7 9. f4 Nb4 10. Nc3 Nxd3 11. cxd3 a6 12. Rc1 Qe7 13. Na4 cxd4 14. Bxd4 Nd7
15. Rf3 f6 16. Nxd7 Bxd7 17. Nb6 Rad8 18. Qc2 Bc6 19. Bc5 e5 20. d4 exf4 21.
exf4 Qe4 22. Qd2 Rfe8 23. Kf2 Bxc5 24. Rxc5 Qf5 25. g3 Re4 26. Rcc3 Qh3 27. Kg1
Rde8 28. Rce3 Bb5 29. Nxd5 Bc6 30. Rxe4 Rxe4 31. Nc3 Rxd4 32. Qxd4 Bxf3 33.
Qc4+ Kf8 34. Qc5+ Kg8 35. Qc4+ 1/2-1/2

[Event "SVM_Regionalliga_2023-24"]
[Site "?"]
[Date "2023.09.03"]
[Round "1.6"]
[White "Göde, Johannes Paul"]
[Black "Borriss, Claudia"]
[Result "0-1"]
[WhiteElo "1684"]
[BlackElo "1950"]
[PlyCount "48"]
[EventDate "2023.09.03"]
[WhiteTeam "Langenfelder SF 2"]
[BlackTeam "SG Siebengebirge 1"]

1. e4 c5 2. Nf3 d6 3. Bb5+ Bd7 4. Bxd7+ Qxd7 5. O-O e5 6. c4 Nf6 7. Nc3 Be7 8.
d3 h6 9. Nd5 Nxd5 10. cxd5 O-O 11. Ne1 f5 12. f4 exf4 13. Bxf4 Bf6 14. Rb1 fxe4
15. dxe4 Bd4+ 16. Kh1 g5 17. Nc2 Rxf4 18. Rxf4 gxf4 19. Nxd4 cxd4 20. Qh5 Qg7
21. Qe8+ Qf8 22. Qe6+ Kh7 23. Rc1 Na6 24. Qd7+ Kh8 0-1

[Event "SVM_Regionalliga_2023-24"]
[Site "?"]
[Date "2023.09.03"]
[Round "1.7"]
[White "Anderton, Philip"]
[Black "Unshelm, Jan Erik"]
[Result "1-0"]
[WhiteElo "1828"]
[BlackElo "1378"]
[PlyCount "101"]
[EventDate "2023.09.03"]
[WhiteTeam "SG Siebengebirge 1"]
[BlackTeam "Langenfelder SF 2"]

1. Nf3 d5 2. d4 Nf6 3. c4 e6 4. Nc3 Be7 5. Bg5 O-O 6. Qc2 c6 7. e3 Nbd7 8. a3
b6 9. cxd5 exd5 10. Bd3 c5 11. O-O c4 12. Be2 Rb8 13. Ne5 Bb7 14. Bf3 Nxe5 15.
dxe5 Ne4 16. Bxe7 Qxe7 17. Nxe4 dxe4 18. Bxe4 Bxe4 19. Qxe4 b5 20. Rfd1 Rbd8
21. Rd5 Qb7 22. Rad1 Rd7 23. Qd4 Rxd5 24. Qxd5 Qxd5 25. Rxd5 Rb8 26. Kf1 Kf8
27. Ke2 b4 28. Rc5 c3 29. bxc3 bxa3 30. Ra5 Rb2+ 31. Kf3 a2 32. Rxa7 Ke8 33. h4
Kd8 34. g4 Kc8 35. Kg3 Kb8 36. Ra4 Kb7 37. f4 Kb6 38. c4 Kc5 39. Kf3 h5 40. g5
Rh2 41. Ke4 g6 42. Kd3 Rb2 43. Ke4 Rc2 44. Kf3 Rh2 45. f5 Rh1 46. Rxa2 Rh3+ 47.
Kg2 Rxh4 48. e6 fxe6 49. f6 Rg4+ 50. Kf3 Rxg5 51. Ra5+ 1-0

[Event "SVM_Regionalliga_2023-24"]
[Site "?"]
[Date "2023.09.03"]
[Round "1.8"]
[White "Schaffeld, Martin"]
[Black "Geuer, Martin"]
[Result "0-1"]
[WhiteElo "1554"]
[BlackElo "1784"]
[PlyCount "84"]
[EventDate "2023.09.03"]
[WhiteTeam "Langenfelder SF 2"]
[BlackTeam "SG Siebengebirge 1"]

1. d4 e6 2. c4 Nf6 3. Nf3 d5 4. Bf4 dxc4 5. Qa4+ Bd7 6. Qxc4 Nc6 7. Nbd2 Bd6 8.
Bxd6 cxd6 9. e3 Qa5 10. Bd3 Rc8 11. Qb5 Qxb5 12. Bxb5 Nb4 13. Bxd7+ Kxd7 14.
Ke2 Rc2 15. a3 Nbd5 16. Rab1 Rhc8 17. Rhd1 Ne4 18. Ne1 Rxd2+ 19. Rxd2 Nec3+ 20.
bxc3 Nxc3+ 21. Kf3 Nxb1 22. Rb2 Nxa3 23. Rxb7+ Rc7 24. Rb8 g6 25. Rh8 h5 26.
Rf8 Ke7 27. Ra8 Nc4 28. Nd3 a5 29. h4 Rb7 30. Ke2 Kd7 31. g3 Kc6 32. Kd1 Kd5
33. Kc2 Ke4 34. Kc3 Rc7 35. Nc5+ dxc5 36. Kxc4 cxd4+ 37. Kb5 dxe3 38. fxe3 Kxe3
39. Rxa5 Rd7 40. Kc6 Rd3 41. Ra4 Kf3 42. Rf4+ Kxg3 0-1

[Event "SVM_Regionalliga_2023-24"]
[Site "?"]
[Date "2023.09.03"]
[Round "1.1"]
[White "Reinöhl, Christian"]
[Black "Meirick, Ingo"]
[Result "1/2-1/2"]
[WhiteElo "2107"]
[BlackElo "2181"]
[PlyCount "64"]
[EventDate "2023.09.03"]
[WhiteTeam "SK Troisdorf 1"]
[BlackTeam "SV Herzogenrath 1"]

1. e4 c6 2. d4 d5 3. Nd2 dxe4 4. Nxe4 Bf5 5. Ng3 Bg6 6. h4 h6 7. Nf3 Nd7 8. h5
Bh7 9. Bd3 Bxd3 10. Qxd3 e6 11. Bd2 Ngf6 12. O-O-O Be7 13. Ne4 Nxe4 14. Qxe4
Nf6 15. Qe2 Qd5 16. c4 Qe4 17. Qxe4 Nxe4 18. Be3 f5 19. Nd2 Nxd2 20. Rxd2 O-O
21. f4 Rfd8 22. Rhd1 Rac8 23. Kb1 Bd6 24. Rd3 b6 25. a3 Kf7 26. b4 Rd7 27. Kc2
Be7 28. Kd2 Bf6 29. Ke2 Rcd8 30. a4 Rb8 31. Kf3 Rbd8 32. Ke2 Rb8 {(=)} 1/2-1/2

[Event "SVM_Regionalliga_2023-24"]
[Site "?"]
[Date "2023.09.03"]
[Round "1.2"]
[White "Schreyer, Oliver"]
[Black "Schwarz, Andreas"]
[Result "1/2-1/2"]
[WhiteElo "2039"]
[BlackElo "2141"]
[PlyCount "25"]
[EventDate "2023.09.03"]
[WhiteTeam "SV Herzogenrath 1"]
[BlackTeam "SK Troisdorf 1"]

1. e4 c6 2. d4 d5 3. Nd2 dxe4 4. Nxe4 Nd7 5. Nf3 Ngf6 6. Nxf6+ Nxf6 7. c3 Bg4
8. h3 Bxf3 9. Qxf3 e6 10. Bg5 Qd5 11. Qxd5 Nxd5 12. O-O-O Be7 13. Bxe7 1/2-1/2

[Event "SVM_Regionalliga_2023-24"]
[Site "?"]
[Date "2023.09.03"]
[Round "1.3"]
[White "Fuß, Jean-Pierre"]
[Black "Zappel, Marius"]
[Result "1-0"]
[WhiteElo "2001"]
[BlackElo "2055"]
[PlyCount "79"]
[EventDate "2023.09.03"]
[WhiteTeam "SK Troisdorf 1"]
[BlackTeam "SV Herzogenrath 1"]

1. d4 d5 2. Nf3 c6 3. g3 Bf5 4. Bg2 Nf6 5. O-O g6 6. c4 Bg7 7. Qb3 Qb6 8. Nc3
Qxb3 9. axb3 e6 10. Bf4 Na6 11. Be5 Rg8 12. Rfc1 Ne4 13. Bxg7 Rxg7 14. Ne5 Nd2
15. Ra3 f6 16. Nxc6 bxc6 17. Rxa6 Nxb3 18. Rd1 Bc2 19. Re1 Kd7 20. cxd5 exd5
21. Nxd5 cxd5 22. Bxd5 Rgg8 23. Bxg8 Rxg8 24. Rxa7+ Ke6 25. e3 Be4 26. Ra6+ Kf5
27. f3 Bxf3 28. Rf1 Ke4 29. Re6+ Kf5 30. Rb6 Nd2 31. Rf2 Ke4 32. Rxd2 Kxe3 33.
Rf2 Be4 34. Rbxf6 Rc8 35. Rf1 Rc2 36. R6f2 Rc4 37. Re1+ Kd3 38. Rd1+ Ke3 39. d5
Bf3 40. Re1+ 1-0

[Event "SVM_Regionalliga_2023-24"]
[Site "?"]
[Date "2023.09.03"]
[Round "1.4"]
[White "Horbach, Fabian"]
[Black "Keßler, Ulrich"]
[Result "1-0"]
[WhiteElo "1956"]
[BlackElo "1956"]
[PlyCount "77"]
[EventDate "2023.09.03"]
[WhiteTeam "SV Herzogenrath 1"]
[BlackTeam "SK Troisdorf 1"]

1. d4 Nf6 2. Nf3 g6 3. c4 Bg7 4. Nc3 d5 5. Bg5 Ne4 6. cxd5 Nxg5 7. Nxg5 e6 8.
Qd2 exd5 9. Qe3+ Kf8 10. Qf4 Bf6 11. h4 Kg7 12. O-O-O h6 13. Nf3 c6 14. e3 Nd7
15. Bd3 Nf8 16. g4 Ne6 17. Qg3 Qc7 18. Ne5 Bxe5 19. dxe5 Nc5 20. f4 Nxd3+ 21.
Rxd3 Re8 22. h5 g5 23. Ne2 c5 24. fxg5 hxg5 25. h6+ Kh7 26. Rxd5 Be6 27. Qf3 f5
28. Rd6 Qf7 29. Rf1 Rf8 30. Ng3 f4 31. Qe4+ Kh8 32. exf4 gxf4 33. g5 Bf5 34.
Nxf5 Qxf5 35. Qxf5 Rxf5 36. g6 Rxe5 37. Rxf4 Rh5 38. g7+ Kg8 39. Rdf6 1-0

[Event "SVM_Regionalliga_2023-24"]
[Site "?"]
[Date "2023.09.03"]
[Round "1.5"]
[White "Both, David"]
[Black "Samraoui, Mekki"]
[Result "1-0"]
[WhiteElo "1948"]
[BlackElo "1885"]
[PlyCount "99"]
[EventDate "2023.09.03"]
[WhiteTeam "SK Troisdorf 1"]
[BlackTeam "SV Herzogenrath 1"]

1. c4 e5 2. Nc3 Nc6 3. Nf3 f5 4. d4 e4 5. Ng5 Be7 6. Nh3 Nf6 7. g3 O-O 8. Bg2
a5 9. O-O Kh8 10. f3 exf3 11. Bxf3 b6 12. e3 Bb7 13. b3 Bb4 14. Qc2 Qe7 15. Nb5
Ne8 16. Nf4 Bd6 17. Nd5 Qd8 18. Bb2 Qg5 19. a3 Ne7 20. Nf4 Bxf3 21. Rxf3 c6 22.
Nc3 Nf6 23. Re1 Rae8 24. e4 Bxf4 25. Rxf4 Nh5 26. Rf3 Ng6 27. Ref1 Nh4 28. Rd3
f4 29. Bc1 Qg4 30. Qf2 Ng6 31. Rf3 Kg8 32. Qe2 Rf6 33. e5 fxg3 34. Rxf6 gxh2+
35. Kxh2 Qg3+ 36. Kh1 Nxf6 37. Qf2 Qh3+ 38. Kg1 Qg4+ 39. Kh1 Nxe5 40. dxe5 Rxe5
41. Bf4 Rf5 42. Ne2 Qh3+ 43. Kg1 Nh5 44. Qh2 Qxb3 45. Nd4 Qd3 46. Nxf5 Qxf5 47.
Qh4 Qc5+ 48. Kg2 Nf6 49. Bg5 Ne4 50. Be7 1-0

[Event "SVM_Regionalliga_2023-24"]
[Site "?"]
[Date "2023.09.03"]
[Round "1.6"]
[White "Haverkamp, Klaus"]
[Black "Bruchmann, Siegfried"]
[Result "1-0"]
[WhiteElo "1872"]
[BlackElo "1811"]
[PlyCount "101"]
[EventDate "2023.09.03"]
[WhiteTeam "SV Herzogenrath 1"]
[BlackTeam "SK Troisdorf 1"]

1. e4 e5 2. Nf3 Nc6 3. Bc4 Nf6 4. d3 Bc5 5. c3 d6 6. O-O O-O 7. Nbd2 a6 8. a4
Bg4 9. Re1 d5 10. exd5 Nxd5 11. Ne4 Be7 12. a5 Qd7 13. Qb3 Nf4 14. Nxe5 Nxe5
15. Bxf4 Nxc4 16. Qxc4 c6 17. d4 Be6 18. Nc5 Bxc5 19. Qxc5 Rfe8 20. Re3 Bd5 21.
c4 Rxe3 22. Bxe3 Be6 23. b3 Rd8 24. Qg5 f6 25. Qg3 Qd6 26. Qxd6 Rxd6 27. f3 Kf7
28. Kf2 Rd7 29. g4 g5 30. Rd1 h6 31. h4 Kg7 32. Kg3 Kf7 33. Rd2 Kg7 34. f4
gxh4+ 35. Kxh4 Kh7 36. f5 Bf7 37. Kg3 Re7 38. Kf3 h5 39. Rh2 Kg8 40. gxh5 Kh7
41. h6 Be8 42. Rh4 Bf7 43. Re4 Bh5+ 44. Kf4 Rxe4+ 45. Kxe4 Bd1 46. d5 Bc2+ 47.
Kd4 Bxf5 48. dxc6 bxc6 49. Kc5 Bc2 50. Kxc6 Bxb3 51. c5 1-0

[Event "SVM_Regionalliga_2023-24"]
[Site "?"]
[Date "2023.09.03"]
[Round "1.8"]
[White "Klisanin, Dragan-Mirko"]
[Black "Bartl, Dirk"]
[Result "1-0"]
[WhiteElo "1908"]
[BlackElo "1763"]
[PlyCount "75"]
[EventDate "2023.09.03"]
[WhiteTeam "SV Herzogenrath 1"]
[BlackTeam "SK Troisdorf 1"]

1. c4 e5 2. e3 Nf6 3. Ne2 d5 4. cxd5 Nxd5 5. a3 Be7 6. Nbc3 O-O 7. d4 exd4 8.
Nxd5 Qxd5 9. Qxd4 Qc6 10. Qc3 Qb6 11. e4 Qg6 12. Ng3 Nc6 13. Be3 Bf6 14. Qc2
Nd4 15. Bxd4 Bxd4 16. Bd3 Qf6 {(=)} 17. Rb1 Qb6 18. O-O Be6 19. b4 Rad8 20. Bc4
Bc8 21. Kh1 Qh6 22. f4 Be3 23. Ne2 Bg4 24. Rbd1 Bxf4 25. h3 Bxh3 26. Nxf4 Bg4+
27. Nh3 Bxd1 28. Rxd1 Rxd1+ 29. Qxd1 Qe3 30. Qf3 Qc1+ 31. Bf1 Rd8 32. Kh2 h6
33. Nf4 Rd1 34. Kg1 c6 35. Nd3 Qa1 36. e5 Qd4+ 37. Nf2 Qa1 38. Qxd1 1-0

[Event "SVM_Regionalliga_2023-24"]
[Site "?"]
[Date "2023.09.24"]
[Round "2.1"]
[White "Reinöhl, Christian"]
[Black "Karimi, Farhad"]
[Result "1/2-1/2"]
[WhiteElo "2130"]
[BlackElo "2069"]
[PlyCount "58"]
[EventDate "2023.09.24"]
[WhiteTeam "SK Troisdorf 1"]
[BlackTeam "Satranç Club 1"]

1. e4 c6 2. d4 d5 3. Nd2 dxe4 4. Nxe4 Bf5 5. Ng3 Bg6 6. h4 h6 7. Nf3 Nd7 8. h5
Bh7 9. Bd3 Bxd3 10. Qxd3 e6 11. Bd2 Qc7 12. O-O-O Ngf6 13. Ne4 Nxe4 14. Qxe4
Nf6 15. Qe2 Bd6 16. Kb1 Bf4 17. Ne5 Bxd2 18. Rxd2 O-O-O 19. f4 c5 20. dxc5 Rxd2
21. Qxd2 Rd8 22. Qe2 Rd4 23. Nd3 Ne4 24. Rh3 f5 25. Qe3 Qxc5 26. c3 Rxd3 27.
Qxd3 Qg1+ 28. Kc2 Qf2+ 29. Kb1 Qg1+ 1/2-1/2

[Event "SVM_Regionalliga_2023-24"]
[Site "?"]
[Date "2023.09.24"]
[Round "2.2"]
[White "Al Soliman, Osama"]
[Black "Schwarz, Andreas"]
[Result "1/2-1/2"]
[WhiteElo "1931"]
[BlackElo "2138"]
[PlyCount "60"]
[EventDate "2023.09.24"]
[WhiteTeam "Satranç Club 1"]
[BlackTeam "SK Troisdorf 1"]

1. d4 Nf6 2. c4 g6 3. Nc3 d5 4. cxd5 Nxd5 5. e3 Bg7 6. Nf3 O-O 7. Bc4 Nb6 8.
Bb3 Nc6 9. O-O e5 10. d5 Na5 11. e4 Bg4 12. h3 Bxf3 13. Qxf3 Nxb3 14. axb3 f5
15. Be3 Nc8 16. Nb5 a6 17. Rfc1 Rf7 18. Rc2 Rb8 19. Nc3 Nd6 20. Bc5 Bf8 21.
Bxd6 Bxd6 22. Na4 Qh4 23. Nc5 Bxc5 24. Rxc5 fxe4 25. Qe2 Rbf8 26. Rf1 Rd8 27.
Rfc1 Rdf8 28. Rf1 Rd7 29. Rfc1 Rdf7 30. Rf1 Rd7 1/2-1/2

[Event "SVM_Regionalliga_2023-24"]
[Site "?"]
[Date "2023.09.24"]
[Round "2.3"]
[White "Fuß, Jean-Pierre"]
[Black "Manay, Güven"]
[Result "1/2-1/2"]
[WhiteElo "1988"]
[BlackElo "1865"]
[PlyCount "89"]
[EventDate "2023.09.24"]
[WhiteTeam "SK Troisdorf 1"]
[BlackTeam "Satranç Club 1"]

1. d4 d5 2. Nf3 Bf5 3. g3 e6 4. Bg2 Nf6 5. O-O Bd6 6. c4 c6 7. b3 Ne4 8. Bb2 h5
9. Nc3 h4 10. Qc1 hxg3 11. fxg3 Nd7 12. Nxe4 dxe4 13. Ne5 Nxe5 14. dxe5 Bc5+
15. Kh1 e3 16. b4 Qg5 17. Rf3 Be4 18. bxc5 Bxf3 19. Bxf3 Qxg3 20. Qg1 Qf4 21.
Rd1 Rd8 22. Rxd8+ Kxd8 23. Bc1 Qxe5 24. Bxe3 f6 25. Bf2 Kc8 26. Bg3 Qc3 27. Bd6
g5 28. Qb1 f5 29. Bxc6 Rh7 30. Bg2 f4 31. c6 b6 32. Bb4 Qh8 33. Qg1 g4 34. Bd5
g3 35. Bxe6+ Kc7 36. h3 Rxh3+ 37. Kg2 Rh2+ 38. Kf3 Rf2+ 39. Kg4 Qg7+ 40. Kf5
Rxe2 41. Bd6+ Kxc6 42. Qd1 Qh7+ 43. Kg5 Qg7+ 44. Kf5 Qh7+ 45. Kg5 1/2-1/2